000
00219nam a22000857a 4500
008
160829b xxu||||| |||| 00| 0 eng d
100
_9
263
_a
Dass H.K
245
_a
Mathematics-X
260
_a
New Delhi
_b
S.Chand publication
_c
2012
999
_c
2921
_d
2921